MDQL
is popping MORE tags! Check the
thread
!
Quizzes
Events
Quiz Creation
Community
Videos
Private Events
Remove Ads
Sign In
Join for FREE
Feedback
Dark Mode
Quiz Categories
Sports
Geography
Music
Movies
Television
Just For Fun
Miscellaneous
History
Literature
Language
Science
Gaming
Entertainment
Religion
Holiday
For Kids
Quiz Lab
Recent
Popular Today
Quiz Kudos Today
Editor Picks
Curator Picks
Quizzes by...
Day
Popularity
Type
Ratings
Length
Year
Community
Subscriptions
Recent Discussions
Orange Saloon
Badges
Playlists
Quests
Create
Leaderboards
Showdown
Live 5
Trivia Bingo
Activity
Puzzle Library
Sporcle Events
Private Events
Virtual Trivia
Globe League
Become a Host
Pub Owners
SporcleCon
Opinionation
Our Games
Videos
Blog
Mobile Apps
Partnerships
Remove Ads and Go Orange
Feedback
Television
TV Characters
TV Show
Sitcom
Network
Friends
Reality Shows
Cast
South Park
Star Trek
The Simpsons
Doctor Who
Television
TV Characters
TV Show
Sitcom
Network
Friends
Reality Shows
Cast
South Park
Star Trek
The Simpsons
Doctor Who
Random Quiz
Search Sporcle
×
Curator Pick
Curator Pick
Television
Follow That Line
Select answers by clicking on text or image buttons
Select answers by clicking on text or image buttons
Clickable
Best Score? Go Orange.
Follow that Line: Unbreakable Kimmy Schmidt Stats
Pick the line that follows each quote from 'Unbreakable Kimmy Schmidt.'
By
allegra
10m
24 Questions
3,610 Plays
3,610 Plays
3,610 Plays
Comments
Comments
Give Quiz Kudos
Give Quiz Kudos
-
- Ratings
hide this ad
Forced Order
Answers have to be entered in order
Answers have to be entered in order
Replay
Link that replays current quiz
Next Quiz
Link to next quiz in quiz playlist
You Got
0%
They Got
Avg Score
72%
Avg Friend Score
Upgrade to see
Score Distribution
Jump to the score distribution portion of the page
Score
0/24
Timer
10:00
0
Plays Today
% Correct
I fell asleep eating a hot pocket.
90.3%
You're dead, and you wasted your time on earth.
86.4%
They checked it for lice at the hospital.
84.8%
But I already did something today!
83.9%
That was the fanciest sentence I've ever heard, and I used to watch Frasier.
83.4%
I'm not even going to know which box to check on the hate crime form!
82%
I'm not laughing.
81.9%
I know you didn't mean that to be hurtful...
80.7%
Or beef jerky in a ball gown.
79.9%
You can die at any time.
78.9%
You watch Magic Mike during a lightning storm.
77.1%
Is that a thing?
76.6%
% Correct
Both our names mean 'penis.'
75.3%
That's messed up.
74.9%
You have? I didn't feel it!
72.2%
Yes, there was weird sex stuff in the bunker.
70.8%
Revenge can be spectacular.
67.1%
No filter.
65.9%
My paninis can wait.
58.7%
That is how I was briefly Gordon on Sesame Street.
58.6%
Look at the marbling on that corned beef!
56.8%
You can't just choke someone who's sleeping!
56.3%
I'm off to an A.A. meeting.
56.1%
No! We had a deal!
49.3%
Quiz Playlist
Details
Report
Send in Message
Add To Playlist
Clickable:
Select answers by clicking on text or image buttons
Forced Order:
Answers have to be entered in order
Last Updated: Jun 27, 2017
Curator Pick in
Follow That Line
Quiz Scoreboard
CHALLENGE
Sign Up to Join the Scoreboard
Show All
Scores
Hide
Comments
May contain spoilers
Recently Published
Street Fighter Characters
by Artimus82
Gaming
60s
9x9 Crossword: Cartoon Network
by jackfrog10
Miscellaneous
3m
College Basketball Coaching Resumes
by pancakes188
Sports
9m
More to Explore
Quiz From the Vault
Featured Blog Post
Where Did the Easter Bunny Come From?
hide this ad
You Might Also Like...
Tags
Follow That Line Quiz
Netflix
Unbreakable Kimmy Schmidt
Today's Top Quizzes in Television
Browse Television
hide this ad
Today's Top Quizzes in Follow That Line
Browse Follow That Line
Top Contributed Quizzes in Television
1
5-to-1: The Simpsons Families
2
Adjectives in 80s TV Shows
3
Adjectives in 00s TV Shows
4
Survivor Journey Challenge
5
5-to-1: Television Doctors
6
7-to-1: TV Show Settings
7
Adjectives in 10s TV Shows
8
5-to-1: Streaming Originals
9
Survivor Seasons
10
Adjectives in 70s TV Shows
Explore More
Trending Topics
Crossword
Disney
Marvel
Anime
Kpop
NBA
Harry Potter
Pokémon
NFL
Country
WWE
Puzzle
Song
The Office
Soccer
hide this ad
More By:
allegra
Quiz
Plays
Rating
Category
Featured
Created
Follow That Line: Parks and Recreation
49,910
4.67
Television
Mar 11, 2013
100 Greatest Characters
7,638
2.86
Entertainment
May 27, 2010
Follow that Line: Unbreakable Kimmy Schmidt
3,610
4.67
Television
Mar 24, 2015
Game of Thrones Death Order
1,148
4.43
Television
Sep 9, 2014
Game of Thrones character by quote about them
1,138
3.50
Television
Nov 29, 2014
Go to Creator's Profile
Score Distribution
Quiz Creator Spotlight
allegra
Follow
Send a Message
Quizzes Created
-
Created Quiz Play Count
-
More By This Creator
Popular Quizzes Today
1
Find the US States - No Outlines Minefield
2
Find the Countries of Europe - No Outlines Minefield
3
The Countries of the World
4
Find the US States
5
Risky Map Clicking: Biggest States A-Z
6
US States
7
Popular People in 1961
8
Movies - When Are They Set?
More Television Quizzes
Friends Finish the Line: Season Seven, Ep 1-5
Quiz Lab
Trending Quizzes
Risky Map Clicking: Least Populous States A-Z
Billboard Blitz: Aretha Franklin
Famous Russians: Author or Composer?
1-10 Letter G Words
Countries of the World: 200 Million BC
Recently Updated
Leaping Animals
pecheneg
Reality TV Shows (A-Z)
bhenderson79
Rickey Henderson's Hall of Fame Teammates
pecheneg
Champions League XIs: Arsenal
pecheneg
Quick Pick: Celebrities in WWE's Hall of Fame
aduchscher
A-Z Keypad Blitz II
pecheneg
Multiple Oscar Actors
pecheneg
Mystery Phrase Blitz: Oscar 'Best Actors'
pecheneg
F. Scott Fitzgerald Novels
LTH
Pick 3 Villains
ddd62291
Trending Topics
Crossword
Kpop
Marvel
NBA
Harry Potter
Anime
Disney
Puzzle
Soccer
Pokémon
The Office
Song
Country
NFL
WWE
Your Account Isn't Verified!
In order to create a playlist on Sporcle, you need to verify the email address you used during registration. Go to your
Sporcle Settings
to finish the process.
Report this User
Report this user for behavior that violates our
Community Guidelines
.
Details:
Send Report
Go to the Sporcle.com Mobile Site →
Comments